| 000 | 01407nam a2200241Ia 4500 | ||
|---|---|---|---|
| 003 | OSt | ||
| 005 | 20210726124635.0 | ||
| 008 | 210310s2007 ck ad gr 000 0 spa d | ||
| 020 | _a9789589040669 | ||
| 040 |
_aCO-JMCR _cCO-JMCR |
||
| 041 | 0 | _aspa | |
| 082 |
_a332.109861 / _bS612c _223 |
||
| 111 | 2 |
_aSimposio de Mercado de Capitales _d(10 y 11 de mayo, 2007 : _cMedellín) _938711 |
|
| 245 | 1 | 0 |
_aColombia centro financiero de la región : _b¿Qué debemos hacer para lograrlo? / _cXIX Simposio de Mercado de Capitales, Medellín, 10 y 11 de mayo ; |
| 260 |
_aMedellín : _bAsociación Bancaria de Entidades Financieras de Colombia, _c2007 |
||
| 300 |
_a153 páginas : _bilustraciones y gráficas a color ; _c28 cm. |
||
| 504 | _aBibliografía: a pie de página. | ||
| 505 | _aEl éxito en la confirmación de centros financieros regionales: la experiencia internacional. -- Las barreras que se deben derribar. -- El nuevo rol del sistema bancario. -- Cómo derribar las barreras al desarrollo de mercados de capitales: un teme en la agenda interna de competitividad. --¿Qué se requiere para un mercado de capitales más profundo en Colombia?. | ||
| 650 | 1 | 4 |
_aCuestión monetaria _vCongresos, conferencias _zColombia _927018 |
| 650 | 2 | 4 |
_aSistema financiero _vCongresos, conferencias _zColombia _938593 |
| 650 | 2 | 4 |
_aMercado financiero _vCongresos, conferencias _zColombia _938712 |
| 942 |
_2ddc _cBK |
||
| 999 |
_c12001 _d12001 |
||